Online Catalogue and eLibrary

Hurulu mangalyaya : (Record no. 5054)

MARC details
000 -LEADER
fixed length control field 00458nam a2200157Ia 4500
005 - DATE AND TIME OF LATEST TRANSACTION
control field 20250703014347.0
008 - FIXED-LENGTH DATA ELEMENTS--GENERAL INFORMATION
fixed length control field 240331s9999 xx 000 0 und d
020 ## - INTERNATIONAL STANDARD BOOK NUMBER
ISBN 9559355031
082 ## - DDC Classification
Item Number - Author Mark CHA
Class No. 392
100 ## - MAIN ENTRY--PERSONAL NAME
Personal name Chandana,O
245 #0 - TITLE STATEMENT
Title Hurulu mangalyaya :
Remainder of title Hurulu devalaya janawara gaveshanaya
260 ## - PUBLICATION, DISTRIBUTION, ETC.
Place of publication, distribution, etc. Ratmalana
Name of publisher, distributor, etc. Pethikada Publishers & press
Date of publication, distribution, etc. 1997
300 ## - PHYSICAL DESCRIPTION
Extent (e.g. Volumes, Pages etc.) 117 p .,
500 ## - GENERAL NOTE
General note Hurulu Festival - Temple , Janawara Exploration
942 ## - Koha item type (Biblio)
Koha item type Books in Stacks (Lending)
Holdings
Lost status Damaged status Collection code Home library Current library Shelving location Date acquired Full call number Accession Number Item type
    Lending WERC Library WERC Library Social Science Cupboard 03/31/2024 392 CHA 2652 Books in Stacks (Lending)

© WERC Library